000 01114cam a2200181 4500
001 ##WS135435
008 061026n 000 0 eng u
035 _a(Sirsi) u135435
041 0 _aeng
110 2 _aNatural England
_95071
245 0 0 _aNatural England
520 _aNatural England is a new flagship environmental organisation launched on 2 October 2006, bringing together English Nature, the Countryside Agency's Landscape, Access and Recreation division, and the Rural Development Service's environment activities. Natural England is responsible for ensuring that England's unique natural environment, including its land, flora and fauna, freshwater and marine environments, geology and soils, are protected and improved. It also has responsibility to help people enjoy, understand and access the natural environment.
590 _aIKA311006
651 4 _aEngland
_y886-
690 _aENVIRONMENTAL AND LAND CONSULTANCY-ENVIRONMENTAL MANAGEMENT-ENVIRONMENTAL CONSERVATION
856 4 0 _uhttps://www.naturalengland.org.uk/
_zView the website free of charge at www.naturalengland.org.uk...
942 _n0
999 _c120526
_d120526